000 00841nam a22003137a 4500
001 BR9300085
003 BR-BrBNA
005 20230928093755.0
007 ta
008 230509b bl.||||| |||| 00| 0 por d
040 _aBR-BrBNA
_bpor
_cBiblioteca Nacional de Agricultura
041 _a(Por)
072 _aP34
090 _ P34 BR9300085
100 1 _aCardoso, E.J.B.N.
100 1 _aTsai, S.M.
100 1 _aNeves, M.C.P.(Coords.)
110 1 _aSociedade Brasileira de Ciencia do Solo, Campinas, SP (Brasil)
245 1 _aMicrobiologia do solo
260 3 _aCampinas, SP (Brasil):
_c1992.
300 _a360 p.
500 _a81 illus.; 57 tables
650 _aSolo
650 _aMicrobiologia do Solo
650 _aFixacao de Nitrogenio
650 _aRhizobium
909 _a202309
_bLucia
_c55
_dLucia Elande
942 _cBK
999 _c47023
_d47023